Statistics for Least Borders - Africa

Click here to take the quiz!

General Stats

  • This quiz has been taken 68 times
  • The average score is 11 of 13

Answer Stats

No.borders Country % Correct
0Madagascar
100%
1Lesotho
100%
0Cape Verde
98%
2Swaziland
96%
0Mauritius
94%
0Seychelles
92%
0Comoros
90%
1Gambia
90%
0Sao Tome and Principe
88%
2Tunisia
87%
2Equatorial Guinea
81%
2Guinea-Bissau
73%
2Sierra Leone
52%

Score Distribution

Percentile by Number Answered

Percent of People with Each Score

Your Score History

You have not taken this quiz